| 000 | 00531nam a2200181Ia 4500 | ||
|---|---|---|---|
| 008 | 100917s9999 xx 000 0 und d | ||
| 082 | _b12033 | ||
| 100 | _aजोगळेकर स. के. , टोळ द. श्री. | ||
| 245 | _aअनंत कथा | ||
| 260 |
_bअनंत प्रकाशन _c1973 |
||
| 300 | _a16 | ||
| 365 | _b0.75 | ||
| 520 | _aबालविभाग | ||
| 630 | _aअनंत कथा | ||
| 650 | _aबालविभाग | ||
| 730 | _aअनंत कथा | ||
| 942 | _cBOOK | ||
| 999 |
_c617427 _d617424 |
||